World development indicators (Record no. 7082)

MARC details
000 -LEADER
fixed length control field 00481nam a2200181Ia 4500
020 ## - INTERNATIONAL STANDARD BOOK NUMBER
ISBN 9780821378298
082 ## - DEWEY DECIMAL CLASSIFICATION NUMBER
Classification number RR 338.9 WOR-
245 #0 - TITLE STATEMENT
Title World development indicators
260 ## - PUBLICATION, DISTRIBUTION, ETC. (IMPRINT)
Place of publication Washington
Name of publisher Green Press Initiative
Year of publication 2009
300 ## - PHYSICAL DESCRIPTION
Number of Pages xxi,434
504 ## - BIBLIOGRAPHY, ETC. NOTE
Bibliography, etc includes bibliography and index
650 ## - SUBJECT ADDED ENTRY--TOPICAL TERM
Topical Term Economic indicators
650 ## - SUBJECT ADDED ENTRY--TOPICAL TERM
Topical Term Environmental indicators
650 ## - SUBJECT ADDED ENTRY--TOPICAL TERM
Topical Term Social indicators
650 ## - SUBJECT ADDED ENTRY--TOPICAL TERM
Topical Term Economic development
710 ## - ADDED ENTRY--CORPORATE NAME
Corporate name or jurisdiction name as entry element World Bank
942 ## - ADDED ENTRY ELEMENTS (KOHA)
Koha item type Books
Holdings
Withdrawn status Lost status Damaged status Not for loan Home library Current library Date acquired Source of acquisition Bill Date Full call number Accession Number Price effective from Koha item type
        NASSDOC Library NASSDOC Library 23/02/2010 BW 2009-09-24 RR 338.9 WOR- 46083 18/04/2019 Books